Statystyki dla Kluby w Champions League od sezonu 2000/2001

Kliknij tutaj aby rozwiązać quiz!

Ogólne statystyki

  • Ten quiz został rozwiązany 3,706 razy
    (1,100 od ostatniego zresetowania)
  • Średni wynik to 53 z 123

Statystyki odpowiedzi

Klub % poprawnych
Real Madryt
96%
FC Barcelona
94%
Manchester United
92%
Manchester City
92%
Bayer Leverkusen
91%
Legia Warszawa
91%
Chelsea Londyn
90%
Arsenal Londyn
88%
Juventus Turyn
88%
Paris Saint-Germain
88%
Borussia Dortmund
87%
FC Liverpool
87%
Atletico Madryt
87%
AC Milan
87%
Inter Mediolan
84%
Valencia CF
82%
Tottenham Hotspur
80%
FC Porto
80%
Ajax Amsterdam
79%
FC Sevilla
76%
Napoli SSC
75%
AS Roma
75%
Bayern Monachium
73%
Benfica Lizbona
73%
Sporting Lizbona
72%
AS Monaco
69%
CSKA Moskwa
68%
Leicester City
67%
PSV Eindhoven
66%
Zenit Sankt Petersburg
63%
RB Lipsk
62%
Sparta Praga
62%
Schalke 04 Gelsenkirchen
60%
Dinamo Zagrzeb
60%
Lazio Rzym
60%
Lokomotiv Moskwa
59%
Olympique Lyon
59%
Celtic Glasgow
58%
Atalanta BC
57%
Olympique Marsylia
56%
Dynamo Kijów
56%
Anderlecht Bruksela
55%
Szachtar Donieck
55%
Galatasaray Stambuł
54%
Athletic Bilbao
52%
Slavia Praga
52%
Crvena Zvezda Belgrad
51%
Olympiakos Pireus
51%
Glasgow Rangers
50%
FC Salzburg
49%
FC Kopenhaga
48%
VfL Wolfsburg
48%
AEK Ateny
46%
Racing Genk
44%
Borussia Monchengladbach
44%
Real Sociedad San Sebastian
44%
FC Basel
44%
SC Braga
44%
Austria Wiedeń
43%
Malmo FF
43%
Lille OSC
43%
Young Boys Berno
42%
Club Brugge
42%
Besiktas Stambuł
40%
Feyenoord Rotterdam
40%
Villarreal CF
39%
Gent KAA
38%
BATE Borysów
38%
Spartak Moskwa
37%
APOEL Nikozja
34%
Panathinaikos Ateny
33%
Real Betis Belmopie
32%
AC Fiorentina
32%
Werder Brema
31%
Steaua Bukareszt
31%
Deportivo La Coruna
30%
Malaga CF
30%
AZ Alkmaar
29%
Hamburger SV
28%
Montpellier HSC
28%
Fenerbahce Stambuł
28%
Partizan Belgrad
28%
TSG 1899 Hoffenheim
27%
Leeds United
25%
Rosenborg Trondheim
25%
Astana FK
24%
Łudogorec Razgrad
23%
Victoria Pilzno
23%
Girondins Bordeaux
22%
Rubin Kazań
22%
CFR Cluj
22%
Rapid Wiedeń
22%
Newcastle United
21%
VfB Stuttgart
20%
Twente Enschede
18%
Standard Liege
18%
Trabzonspor Kulubu
16%
Maribor NK
16%
Udinese Calcio
16%
FC Nantes
13%
AJ Auxerre
12%
Qarabag Agdam
12%
Celta Vigo
12%
FK Rostów
10%
MSK Żylina
9%
Mallorca RCD
9%
Aalborg BK
8%
Levski Sofia
8%
Maccabi Tel Awiw
8%
Bursaspor Kulubu
8%
Sturm Graz
7%
Artmedia Petrzalka
7%
Debreceni VSC
7%
Boavista Porto
6%
Otetul Galati
5%
Maccabi Hajfa
5%
Racing Lens
4%
Unirea Urziceni
4%
Anorthosis Famagusta
3%
FC Thun
3%
FC Nordsjaeland
3%
Helsingborgs IF
2%
Heerenven SC
2%

Rozkład punktacji

Percentyl według liczby udzielonych odpowiedzi

Procent ludzi z każdym wynikiem

Twoja historia wyników

Nie rozwiązałeś tego quizu od ostatniego zresetowania